书目信息 |
| 题名: |
纵横嵌入术
|
|
| 作者: | 刘彦佩 著 | |
| 分册: | ||
| 出版信息: | 北京 科学出版社 1994 |
|
| 页数: | 234页 | |
| 开本: | 20cm | |
| 丛书名: | 现代应用数学方法丛书2 | |
| 单 册: | ||
| 中图分类: | O29:TB11 | |
| 科图分类: | ||
| 主题词: | 应用数学 , 数学--应用 | |
| 电子资源: | ||
| ISBN: | 7-03-003863-0 | |
| 000 | 00613nam0 2200217 450 | |
| 001 | 0732828906 | |
| 005 | 20070903090708.90 | |
| 010 | @a7-03-003863-0@d¥16.00 | |
| 100 | @a20070903d km y0chiy0120 ea | |
| 101 | 0 | @achi |
| 200 | 1 | @a纵横嵌入术@Azong heng qian ru shu@f刘彦佩著@Fliu yan pei zhu |
| 210 | @a北京@c科学出版社@d1994 | |
| 215 | @a234页@d20cm | |
| 225 | 2 | @a现代应用数学方法丛书2 |
| 410 | 0 | @12001 @a现代应用数学方法丛书2 |
| 606 | 0 | @a应用数学 |
| 606 | 0 | @a数学@x应用 |
| 690 | @aO29:TB11@v3 | |
| 701 | 0 | @a刘彦佩@Aliu yan pei@4著 |
| 801 | 0 | @aCN@bPFT@c20070903 |
| 905 | @a213230@dO29:TB11@eS51@f1 | |
| 纵横嵌入术/刘彦佩著.-北京:科学出版社,1994 |
| 234页;20cm.-(现代应用数学方法丛书2) |
| ISBN 7-03-003863-0:¥16.00 |
| ● |
| 相关链接 |
|
|
|
|
正题名:纵横嵌入术
索取号:O29:TB11/S51
 
预约/预借
| 序号 | 登录号 | 条形码 | 馆藏地/架位号 | 状态 | 备注 |
| 1 | 6703240 | 267032409 | 密集书库-数信学院/ [索取号:O29:TB11/S51] | 在馆 |